Biológia pre gymnáziá 7 Praktické cvičenia a seminár I

Bibliographic Details
Main Authors: Ušáková, Katarína, 1957- (Author), Čipková, Elena, 1975- (Author), Nagyová, Soňa, 1967- (Author), Gálová, Timea (Author)
Format: Book
Language:Slovak
PhysicalDescription:110 s. fotogr., sch. 26 cm
Published: Bratislava Slovenské pedagogické nakladateľstvo 2007
ISBN:9788010007660 (brož.)
Edition:1. vyd.
Subjects:

MARC

LEADER 00000nam a2200000 a 4500
001 vtls009181855
003 SK-MaSNL
005 20260301051823.0
008 151015s2007 xo oa e 001 0 slo
015 |a SNBA2008/03-01469 
020 |a 9788010007660 (brož.) 
035 |a 7669D622-991F-4606-85F6-C04AB9C62DFE 
035 |a urn:nbn:sk:snk-amjes6 
035 |a urn:nbn:sk:snk-am003sv4 
040 |a SNK  |b slo  |c SNK  |e AACR2 
041 0 |a slo 
044 |a xo  |c SK 
072 7 |a 57  |x Všeobecná biológia  |2 konspekt 
080 |a 57/59  |2 2001 
080 |a (075.3)  |2 2001 
080 |a (076.5)  |2 2001 
245 0 0 |a Biológia pre gymnáziá  |n 7  |p Praktické cvičenia a seminár I  |c Katarína Ušáková ... [et al.] 
246 3 0 |a Praktické cvičenia a seminár I 
250 |a 1. vyd. 
260 |a Bratislava  |b Slovenské pedagogické nakladateľstvo  |c 2007 
300 |a 110 s.  |b fotogr., sch.  |c 26 cm 
504 |a Bibliogr. s. 110. Reg. 
650 0 7 |a biológia  |2 SNKPH  |9 689 
655 7 |a učebnice stredných škôl  |2 SNKPH  |9 69323 
655 7 |a praktické cvičenia  |2 SNKPH  |9 70517 
700 1 |a Ušáková, Katarína,  |d 1957-  |4 aut  |9 9881 
700 1 |a Čipková, Elena,  |d 1975-  |4 aut  |9 222123 
700 1 |a Nagyová, Soňa,  |d 1967-  |4 aut  |9 250154 
700 1 |a Gálová, Timea  |4 aut  |9 359675 
919 |a 978-80-10-00766-0 
958 |a OND 
958 |a NB 
968 |d 56/59 
999 |c 604355  |d 606285 
952 |a SNK  |b SNK  |y PREZ  |7 0  |p 17A0578641  |o snkSB 61511/7/1  |i snk2008/3080  |8 0  |0 0  |1 0  |4 0  |d 2008-02-07  |l 0  |r 2025-04-15 00:00:00  |w 2026-02-23 
952 |a SNK  |b SNK  |y VYP  |7 0  |p 17A0578640  |o snkSB 61511/7/1 D1  |i snk2008/3081  |8 0  |0 0  |1 0  |4 0  |d 2008-02-07  |l 0  |r 2026-02-23 16:04:41  |w 2026-02-23 
952 |a SNKLM  |b SNKLM  |y NEVYP  |7 0  |o snklmKK 1289  |i snklmKk2008/12  |0 0  |1 0  |4 0  |d 2009-03-05  |l 0  |r 2026-02-23 16:04:42  |w 2026-02-23